Statistics for BloodBorne NPC's

Click here to take the quiz!

General Stats

  • This quiz has been taken 67 times
  • The average score is 9 of 20

Answer Stats

HintAnswer% Correct
Goes Crazy and Beats Annalise to a pulpAlfred
77%
"A hoonter must hoont"Eileen the Crow
74%
Wheelchair guy who later attempts to slice you upGehrman
70%
Angry dude in Old YharnamDjura
68%
Crazy Clinic LadyIosefka
66%
The League DudeValtr
57%
Kills everyone in ChapelSuspicious Beggar
53%
Katana man in Grand Cathedral that spams
Old Hunters Bones and Stabbed Eileen
Bloody Crow
51%
Spider dude in Lecture BuildingPatches the Spider
51%
Crazy NunAdella
49%
Psycho at central yharnam lamp windowGilbert
47%
ProstituteArriana
43%
Guy Who gives you blood transplantBlood Minister
38%
BowBlade DudeSimon The Harrowed
32%
CainhurstAnnalise,Queen of The Vilebloods
26%
Accuses you of lyingSkeptical man
21%
Old dude in rocking throne in ByrgenwerthProvost Willem
19%
Angry old ladyLonely old woman
17%
Blind creepy guyOedon Chapel Dweller
13%
"Good Hunter, your presence somehow soothes"Hunters Dream Doll
6%

Score Distribution

Percentile by Number Answered

Percent of People with Each Score

Your Score History

You have not taken this quiz